UBT Library

West's federal practice digest 4th. (Record no. 1248)

000 -LEADER
fixed length control field 00385nam a22001457a 4500
008 - FIXED-LENGTH DATA ELEMENTS--GENERAL INFORMATION
fixed length control field 151009b xxu||||| |||| 00| 0 eng d
041 0# - LANGUAGE CODE
Language code of text/sound track or separate title eng
080 ## - UNIVERSAL DECIMAL CLASSIFICATION NUMBER
Universal Decimal Classification number 347.3
245 00 - TITLE STATEMENT
Title West's federal practice digest 4th.
250 ## -
-- 4th. ed.
260 ## -
-- St. Paul, Minn. :
-- Thomson/West,
-- 1990.
300 ## -
-- 1. v (Various pagings)
-- 27 cm.
650 #0 -
-- Raportet ligjore
942 ## - ADDED ENTRY ELEMENTS (KOHA)
Source of classification or shelving scheme
Item type Books
Holdings
Withdrawn status Lost status Source of classification or shelving scheme Damaged status Not for loan Collection code Permanent location Current location Shelving location Date acquired Total Checkouts Full call number Barcode Date last seen Price effective from Koha item type
          Koleksioni i përgjithshem UBT - Lipjan UBT - Lipjan Koleksioni i përgjithshem 10/09/2015   347.3 FED 002-008610 10/09/2015 10/09/2015 Books
          Koleksioni i përgjithshem UBT - Lipjan UBT - Lipjan Koleksioni i përgjithshem 10/09/2015   347.3 FED 002-008611 05/04/2017 10/09/2015 Books
          Koleksioni i përgjithshem UBT - Lipjan UBT - Lipjan Koleksioni i përgjithshem 10/09/2015   347.3 FED 002-008612 10/09/2015 10/09/2015 Books
          Koleksioni i përgjithshem UBT - Lipjan UBT - Lipjan Koleksioni i përgjithshem 10/09/2015   347.3 FED 002-008613 10/09/2015 10/09/2015 Books
          Koleksioni i përgjithshem UBT - Lipjan UBT - Lipjan Koleksioni i përgjithshem     347.3 FED 002-283951 05/04/2017 05/04/2017 Books
UBT Library © 2015-2024. All rights reserved University Education for Business and Technology